| 000 | 00618nam a2200241Ia 4500 | ||
|---|---|---|---|
| 005 | 20250425162136.0 | ||
| 008 | 250425s9999 xx 000 0 und d | ||
| 020 | _a15890617722 | ||
| 041 | _aeng | ||
| 082 | _a332 | ||
| 100 | _aINTERNATIONAL, MONETARY FUND | ||
| 245 | 0 | _aEXCHANGE ARRANGEMENTS AND FOREIGN EXCHANGE MARKETS | |
| 250 | _aS.E. | ||
| 260 |
_aEstados Unidos _bINTERNATIONAL MONETARY FUND _c2003 |
||
| 260 | _aWASHINGTON | ||
| 300 | _a81 | ||
| 650 | _aCONVERTIBILIDAD | ||
| 650 | _aFINANZAS | ||
| 650 | _aMERCADO | ||
| 710 | _aINTERNATIONAL MONETARY FUND | ||
| 942 | _c01 | ||
| 010 | _a52752 | ||
| 999 |
_c223168 _d223168 |
||